Statystyki dla Największe aglomeracje w Rumunii

Kliknij tutaj aby rozwiązać quiz!

Ogólne statystyki

  • Ten quiz został rozwiązany 41 razy
  • Średni wynik to 8 z 20

Statystyki odpowiedzi

MiejsceMieszkańcyNazwa% Poprawnych
1.2 612 925Aglomeracja Bukaresztańska
100%
7.417 552Aglomeracja Kluż-Napoka
78%
2.800 000Aglomeracja Timișoara-Arad
65%
6.472 733Aglomeracja Jaska
59%
9.356 544Aglomeracja Krajowska
57%
5.473 470Aglomeracja Braszowska
43%
3.563 232Aglomeracja Dolnego Dunaju
43%
12.273 641Aglomeracja Oradea
38%
10.302 462Aglomeracja Ploeszteńska
35%
8.360 521Aglomeracja Botoszańsko-Suczawska
32%
4.491 498Aglomeracja Konstancka
30%
14.251 746Aglomeracja Satu Mare
30%
13.267 170Aglomeracja Sybińska
30%
15.244 714Aglomeracja Baia Mare
27%
11.290 482Aglomeracja Bacău
24%
16.236 748Aglomeracja Pitești
22%
18.223 562Aglomeracja Târgu Mureș
22%
19.175 497Corvina
22%
17.227 130Aglomeracja Piatra Neamț
11%
20.173 361Aglomeracja Râmnicu Vâlcea
3%

Rozkład punktacji

Percentyl według liczby udzielonych odpowiedzi

Procent ludzi z każdym wynikiem

Twoja historia wyników

Nie rozwiązałeś tego quizu